000 00642nam a2200205 4500
001 139318
003 ES-MaACL
005 20251003063128.0
007 t|
008 070214q1953 sp r ||||1| spa d
100 1 _aScott, Walter,
_cSir,
_d1771-1832
_9104957
245 1 0 _aEntre los Hijos de la niebla /
_cWalter Scott ; [traducción de Jaime Malgrat].
260 _aBarcelona :
_bMiguel Arimany,
_c[1953?]
300 _a214 p. :
_bil. ;
_c19 cm.
490 1 _aRobinsones ;
_v4
700 1 _aMalgrat, Jaime.
_975767
830 0 _aRobinsones ;
_v4
_9183367
852 _aES-MaACL
_jC-6340
_bR.34046
999 _c139318
_d139318